Dynamic system identification : experiment design and data analysis

Saved in:
Bibliographic Details
Main Authors: Goodwin, Graham C. (Graham Clifford), 1945-, Payne, Robert L. (Author)
Format: Book
Language:English
Published: New York : Academic Press, 1977.
Series:Mathematics in science and engineering ; 136
Subjects:
Tags: Add Tag
No Tags, Be the first to tag this record!

MARC

LEADER 00000cam a2200000 i 4500
001 1/60624
008 941103s1977 nyu ||| | eng||
020 |a 0122897501 
035 |l 10046292 
040 |a GR-MyUA  |b gre  |e AACR2 
041 0 |a eng 
082 0 |a 511.8  
100 1 |a Goodwin, Graham C.   |q (Graham Clifford),   |d 1945- 
245 1 0 |a Dynamic system identification :   |b experiment design and data analysis /   |c Graham C. Goodwin and Robert L. Payne.  
260 |a New York :   |b Academic Press,   |c 1977.  
300 |a x, 291 σ. :   |b εικ. ;   |c 24 εκ.  
490 1 |a (Mathematics in science and engineering   |v ; 136)  
504 |a Περιέχει βιβλιογραφικές αναφορές και ευρετήριο.  
650 0 0 |a System analysis. 
650 0 0 |a Mathematical models. 
650 0 0 |a Experimental design. 
700 1 |a Payne, Robert L.  |e aut 
830 0 |a Mathematics in science and engineering ;  |v  136 
852 |a INST  |b SAMOS  |e 19941103  |h 511.8 GOO  |p 005300001792  |q 005300001792  |t BK  |y 0 
909 |a Σ  |b 008149